[Event "XVI Open Nicolo' La Rosa"]
[Site "Mazara del Vallo ITA"]
[Date "2008.08.12"]
[Round "4"]
[White "Galfano, Andrea"]
[Black "Internicola, Vincenzo"]
[Result "0-1"]
[WhiteElo "1404"]
[BlackElo "1554"]
[PlyCount "84"]
[EventDate "2008.08.11"]

1. e4 e5 2. Nf3 Nc6 3. d4 exd4 4. Nxd4 Qh4 5. Nxc6 Qxe4+ 6. Qe2 Qxe2+ 7. Bxe2
dxc6 8. O-O h6 9. Bf4 Bd6 10. Bxd6 cxd6 11. Nd2 Nf6 12. Nc4 O-O 13. Nxd6 b5 14.
Bf3 Bd7 15. b4 Rab8 16. a4 a6 17. c4 Rfd8 18. Rfd1 bxc4 19. Nxc4 Rxb4 20. Ne5
Rdb8 21. Bxc6 Be6 22. h3 Rb2 23. Nc4 Bxc4 24. Rdc1 Bd5 25. Bxd5 Nxd5 26. Rd1
Nb4 27. Rab1 Rxb1 28. Rxb1 a5 29. g4 Rd8 30. Rc1 Rd5 31. Rc8+ Kh7 32. Rf8 f6
33. f4 Nd3 34. f5 Nb2 35. Kf2 Nxa4 36. Kf3 Nc3 37. Rc8 Rd3+ 38. Kg2 a4 39. Ra8
Rd1 40. h4 Rd4 41. Kf3 Nb5 42. Ra5 Rb4 0-1

[Event "XVI Open Nicolo' La Rosa"]
[Site "Mazara del Vallo ITA"]
[Date "2008.08.12"]
[Round "4"]
[White "Lanza, Giuseppe"]
[Black "Bocci, Alessandro"]
[Result "0-1"]
[WhiteElo "1470"]
[BlackElo "1908"]
[PlyCount "74"]
[EventDate "2008.08.11"]

1. f4 g6 2. Nf3 Bg7 3. e4 d6 4. d4 c5 5. c3 cxd4 6. Nxd4 Nc6 7. Bb5 Bd7 8. Be3
Nf6 9. Bxc6 bxc6 10. Nd2 Ng4 11. Qf3 Nxe3 12. Qxe3 Rb8 13. N2b3 c5 14. Ne2 O-O
15. Rb1 a5 16. O-O a4 17. Nd2 a3 18. Nc4 axb2 19. Rxb2 Rxb2 20. Nxb2 Qa5 21.
Ra1 Bb5 22. e5 Bxe2 23. Qxe2 Qxc3 24. Re1 Rb8 25. Nd1 Qd4+ 26. Qe3 dxe5 27.
fxe5 Bxe5 28. Qxd4 Bxd4+ 29. Kf1 e5 30. Ke2 Ra8 31. Kd3 Rxa2 32. Ne3 Ra3+ 33.
Ke4 Rxe3+ 34. Rxe3 Bxe3 35. Kxe3 f5 36. h4 Kf7 37. Kd3 Kf6 0-1

[Event "XVI Open Nicolo' La Rosa"]
[Site "Mazara del Vallo ITA"]
[Date "2008.08.12"]
[Round "4"]
[White "Laudicina, Mariangela"]
[Black "Morello, Guido"]
[Result "0-1"]
[WhiteElo "1515"]
[BlackElo "1978"]
[PlyCount "70"]
[EventDate "2008.08.11"]

1. e4 c5 2. Nc3 Nc6 3. Bc4 e6 4. d3 a6 5. Nf3 Nge7 6. O-O g6 7. Bg5 Bg7 8. Qe2
O-O 9. Rad1 b5 10. Bb3 Bb7 11. Qe3 Qb6 12. Bxe7 Nxe7 13. a3 Rfe8 14. e5 Nf5 15.
Qf4 Qc6 16. Rfe1 h5 17. h4 Bh6 18. Qe4 Qc7 19. Qe2 Qd8 20. Ne4 Qe7 21. Nf6+ Kh8
22. Nxe8 Rxe8 23. g3 Qd8 24. c4 Qa8 25. Ng5 Bxg5 26. hxg5 Nd4 27. Qe3 Nxb3 28.
Kf1 Nd4 29. Re2 Bg2+ 30. Ke1 Nf3+ 31. Qxf3 Bxf3 32. Re3 Bg4 33. cxb5 Qh1+ 34.
Kd2 Qxd1+ 35. Kc3 axb5 0-1

[Event "XVI Open Nicolo' La Rosa"]
[Site "Mazara del Vallo ITA"]
[Date "2008.08.12"]
[Round "4"]
[White "Marino, Davide"]
[Black "Melograni, Francesco"]
[Result "0-1"]
[WhiteElo "1571"]
[BlackElo "1787"]
[PlyCount "89"]
[EventDate "2008.08.11"]

1. e4 e5 2. Nf3 Nc6 3. Bc4 Bc5 4. b4 Bxb4 5. c3 Ba5 6. d4 exd4 7. Qb3 Qf6 8.
Bg5 Qg6 9. O-O Bb6 10. Re1 Na5 11. Qb5 Nxc4 12. Qxc4 f6 13. Bh4 Qf7 14. Qxf7+
Kxf7 15. cxd4 Ne7 16. Nc3 Nc6 17. Rad1 d6 18. h3 g5 19. Bg3 g4 20. hxg4 Bxg4
21. d5 Bxf3 22. gxf3 Ne7 23. f4 Rag8 24. Kh2 h5 25. f5 h4 26. Bf4 Bxf2 27. Re2
Bg3+ 28. Bxg3 hxg3+ 29. Kg2 a6 30. Rh1 Rxh1 31. Kxh1 Nc8 32. Rc2 Rh8+ 33. Kg1
Rh2 34. Rxh2 gxh2+ 35. Kxh2 Na7 36. Kg3 Ke7 37. Kf4 Kd7 38. Ne2 c5 39. dxc6+
bxc6 40. Ke3 Nb5 41. Kd3 d5 42. exd5 cxd5 43. a4 Na7 44. Kd4 Kd6 45. Nf4 0-1

[Event "XVI Open Nicolo' La Rosa"]
[Site "Mazara del Vallo ITA"]
[Date "2008.08.12"]
[Round "4"]
[White "Melia, Lorenzo"]
[Black "Novara, Salvatore"]
[Result "1-0"]
[WhiteElo "1649"]
[BlackElo "1549"]
[PlyCount "75"]
[EventDate "2008.08.11"]

1. e4 e5 2. Nf3 Nc6 3. d4 exd4 4. Nxd4 Nxd4 5. Qxd4 Nf6 6. Bg5 h6 7. Bh4 c5 8.
Qd3 Qc7 9. Bxf6 gxf6 10. Nc3 c4 11. Qd4 Qe5 12. O-O-O Qg5+ 13. Kb1 Qc5 14. Qxc5
Bxc5 15. Nd5 Kd8 16. Bxc4 d6 17. Nxf6 Be6 18. Bd5 Bxd5 19. Nxd5 Re8 20. f3 Rc8
21. Rhe1 f5 22. exf5 Rxe1 23. Rxe1 Bf2 24. Re6 Rc5 25. Rxd6+ Ke8 26. Nc3 Re5
27. Ne4 Bc5 28. Rxh6 Be3 29. Rh8+ Kd7 30. Rh7+ Kc6 31. f6 Rd5 32. c4 Rd1+ 33.
Kc2 Rc1+ 34. Kb3 Rd1 35. f7 Rd3+ 36. Kc2 Rd2+ 37. Nxd2 Bc5 38. Rh8 1-0

[Event "XVI Open Nicolo' La Rosa"]
[Site "Mazara del Vallo ITA"]
[Date "2008.08.12"]
[Round "4"]
[White "Messina, Damiano"]
[Black "Fiducioso, Marco"]
[Result "0-1"]
[WhiteElo "2029"]
[BlackElo "2103"]
[PlyCount "134"]
[EventDate "2008.08.11"]

1. e4 e6 2. d4 d5 3. Nd2 Be7 4. Ngf3 Nf6 5. e5 Nfd7 6. Bd3 c5 7. c3 Nc6 8. Bb1
Qb6 9. Nb3 a5 10. a4 cxd4 11. cxd4 Bb4+ 12. Kf1 Qc7 13. g3 b6 14. Kg2 Ba6 15.
Be3 b5 16. Bd3 bxa4 17. Rxa4 Nb6 18. Ra1 Bxd3 19. Qxd3 Nc4 20. Qc2 N6xe5 21.
Qe2 Nxf3 22. Kxf3 O-O 23. Rhc1 Qb6 24. Rc2 Rfc8 25. Rac1 Ba3 26. bxa3 Qxb3 27.
Rc3 Qb5 28. Bf4 Qb6 29. Qd3 Qb7 30. Rb3 Qc6 31. h4 f6 32. Kg2 Re8 33. Rbc3 Ra7
34. Qf3 Qb6 35. h5 Qxd4 36. h6 Rf7 37. hxg7 Kxg7 38. Qg4+ Kh8 39. Qf3 Qc5 40.
Kg1 Qe7 41. Re1 Qd7 42. Rd1 Qe7 43. Re1 Rd8 44. Qg4 e5 45. Bc1 Qd7 46. Qh5 Qe6
47. Rd1 Rc8 48. Qe2 Rfc7 49. Qd3 d4 50. Rc2 Nb2 51. Rxb2 Rxc1 52. Rb7 Rxd1+ 53.
Qxd1 Qd5 54. Qb1 Rc1+ 55. Qxc1 Qxb7 56. Qd1 Qc7 57. Qh5 Qd8 58. Kf1 Qd7 59. Ke2
Kg7 60. Kf3 d3 61. Kg2 d2 62. Qd1 Qd5+ 63. Kg1 f5 64. g4 f4 65. Kf1 Qd3+ 66.
Kg1 f3 67. Kh2 Qe2 0-1

[Event "XVI Open Nicolo' La Rosa"]
[Site "Mazara del Vallo ITA"]
[Date "2008.08.12"]
[Round "4"]
[White "Monaco, Alessandro"]
[Black "Oddo, Salvatore"]
[Result "1/2-1/2"]
[WhiteElo "1527"]
[BlackElo "1553"]
[PlyCount "46"]
[EventDate "2008.08.11"]

1. e4 e5 2. f4 exf4 3. Nf3 d6 4. Bc4 Bg4 5. d3 Be7 6. Bxf4 Nd7 7. O-O c6 8. Qd2
Qb6+ 9. Be3 c5 10. Nc3 Bxf3 11. Rxf3 Ne5 12. Rff1 Nxc4 13. dxc4 Nf6 14. Bg5 Qd8
15. Rad1 O-O 16. Bf4 Ne8 17. Qe2 Qb6 18. Nd5 Qd8 19. Nxe7+ Qxe7 20. Rd5 Rd8 21.
Rfd1 f5 22. e5 Nc7 23. Rxd6 Ne6 1/2-1/2

[Event "XVI Open Nicolo' La Rosa"]
[Site "Mazara del Vallo ITA"]
[Date "2008.08.12"]
[Round "4"]
[White "Palazzotto, Giuseppe"]
[Black "Architetto, Sandro"]
[Result "1-0"]
[WhiteElo "1873"]
[BlackElo "1620"]
[PlyCount "67"]
[EventDate "2008.08.11"]

1. d4 d5 2. c4 c6 3. Nf3 Nf6 4. Nc3 e6 5. e3 Be7 6. Qc2 h6 7. Bd3 Nbd7 8. O-O
Bd6 9. a3 e5 10. cxd5 cxd5 11. dxe5 Nxe5 12. Be2 Nxf3+ 13. Bxf3 Be6 14. Rd1 Rc8
15. Qa4+ Bd7 16. Qxa7 Qc7 17. Nxd5 Nxd5 18. Bxd5 Bc6 19. Bxc6+ Qxc6 20. Qd4 Rd8
21. Qxg7 Bxh2+ 22. Kxh2 Qc7+ 23. g3 Rxd1 24. Qxh8+ Ke7 25. Qc3 Qd7 26. Qe5+ Kd8
27. e4 Qg4 28. Qb8+ Ke7 29. Qxb7+ Rd7 30. Qb4+ Ke8 31. Be3 Qh5+ 32. Kg2 f5 33.
Qb8+ Rd8 34. Qe5+ 1-0

[Event "XVI Open Nicolo' La Rosa"]
[Site "Mazara del Vallo ITA"]
[Date "2008.08.12"]
[Round "4"]
[White "Palazzotto, Roberto"]
[Black "Di Via, Saverio"]
[Result "1-0"]
[WhiteElo "1740"]
[BlackElo "1715"]
[PlyCount "47"]
[EventDate "2008.08.11"]

1. e4 Nf6 2. e5 Ng8 3. d4 d6 4. f4 g6 5. Nf3 Bg7 6. Be2 Bg4 7. h3 Bxf3 8. Bxf3
c6 9. O-O e6 10. Nc3 d5 11. Ne2 Ne7 12. g4 Nd7 13. Ng3 c5 14. c3 c4 15. f5 gxf5
16. gxf5 Rg8 17. fxe6 fxe6 18. Bh5+ Ng6 19. Qg4 Ndf8 20. Rxf8+ Rxf8 21. Bxg6+
hxg6 22. Qxg6+ Rf7 23. Nh5 Qe7 24. Nxg7+ 1-0

[Event "XVI Open Nicolo' La Rosa"]
[Site "Mazara del Vallo ITA"]
[Date "2008.08.12"]
[Round "4"]
[White "Salafia, Andrea"]
[Black "Ferrante, Filippo"]
[Result "1/2-1/2"]
[WhiteElo "1959"]
[BlackElo "1490"]
[PlyCount "47"]
[EventDate "2008.08.11"]

1. d4 e6 2. Nf3 d5 3. e3 Nf6 4. Be2 Be7 5. O-O Nbd7 6. b3 O-O 7. Bb2 Re8 8.
Nbd2 Nf8 9. Ne5 c5 10. Ndf3 Ne4 11. Bb5 Bd7 12. Bxd7 Nxd7 13. Nxd7 Qxd7 14. Ne5
Qc7 15. Qh5 Rf8 16. f4 cxd4 17. Bxd4 f6 18. Rf3 fxe5 19. Bxe5 Qxc2 20. Qg4 Nf6
21. Qxe6+ Rf7 22. e4 Re8 23. Qh3 Nxe4 24. Raf1 1/2-1/2

[Event "XVI Open Nicolo' La Rosa"]
[Site "Mazara del Vallo ITA"]
[Date "2008.08.12"]
[Round "4"]
[White "Sardo, Riccardo"]
[Black "Mancuso, Fabrizio"]
[Result "0-1"]
[WhiteElo "1398"]
[BlackElo "1362"]
[PlyCount "66"]
[EventDate "2008.08.11"]

1. e4 e5 2. Bc4 Nf6 3. b3 Nc6 4. Bb2 Bb4 5. Nf3 O-O 6. a3 Bc5 7. b4 Bb6 8. Ng5
d5 9. Bb3 Nxe4 10. O-O Qxg5 11. Qf3 Nd4 12. Qe3 Qg6 13. d3 Nf6 14. Qxe5 Nxb3
15. cxb3 Bh3 16. Qg3 Bg4 17. Bxf6 gxf6 18. h3 Bf5 19. Nd2 Bd4 20. Rae1 Bxd3 21.
Nf3 Bc3 22. Nh4 Qxg3 23. fxg3 Bxf1 24. Rxf1 Rae8 25. Nf5 Re5 26. Rf4 Re2 27.
Kh2 Rd8 28. Rg4+ Kh8 29. Nh6 Rf8 30. Rh4 d4 31. Ng4 d3 32. Nh6 d2 33. Rc4 Bb2
0-1

[Event "XVI Open Nicolo' La Rosa"]
[Site "Mazara del Vallo ITA"]
[Date "2008.08.12"]
[Round "4"]
[White "Savalla, Pietro"]
[Black "Cerami, Giuseppe"]
[Result "0-1"]
[WhiteElo "1440"]
[BlackElo "1742"]
[PlyCount "74"]
[EventDate "2008.08.11"]

1. e4 e6 2. d4 d5 3. Nc3 c5 4. Nf3 cxd4 5. Nxd4 dxe4 6. Nxe4 Nf6 7. Nxf6+ Qxf6
8. Be2 Bc5 9. Nf3 O-O 10. O-O Nc6 11. Bb5 Nd4 12. Nxd4 Bxd4 13. c3 Bc5 14. Qd2
a6 15. Ba4 b5 16. Bc2 Qe7 17. Qe2 f5 18. Rd1 e5 19. b4 Ba7 20. Be3 e4 21. Rd2
Be6 22. Bb3 Bxb3 23. axb3 Bxe3 24. Qxe3 Rad8 25. Rad1 Rxd2 26. Qxd2 Rc8 27.
Qd5+ Qf7 28. Qd8+ Rxd8 29. Rxd8+ Qf8 30. Rxf8+ Kxf8 31. Kf1 Ke7 32. Ke2 Kd6 33.
Ke3 Kd5 34. Kf4 g6 35. f3 g5+ 36. Kxf5 e3 37. Kxg5 e2 0-1

[Event "XVI Open Nicolo' La Rosa"]
[Site "Mazara del Vallo ITA"]
[Date "2008.08.13"]
[Round "5"]
[White "Amato, Andrea"]
[Black "Fiducioso, Marco"]
[Result "0-1"]
[WhiteElo "2264"]
[BlackElo "2103"]
[PlyCount "80"]
[EventDate "2008.08.11"]

1. c4 e6 2. Nc3 d5 3. d4 Nf6 4. Bg5 Be7 5. e3 Nbd7 6. cxd5 exd5 7. Bd3 O-O 8.
Nge2 c6 9. Qc2 Re8 10. O-O Nf8 11. Ng3 h6 12. Bxf6 Bxf6 13. b4 Ne6 14. Qb3 a6
15. a4 a5 16. Rfc1 axb4 17. Qxb4 Be7 18. Qb3 Bd6 19. Qd1 Qh4 20. a5 Ng5 21. Nb1
Bg4 22. Qd2 Bf3 23. Bf1 Re6 24. a6 bxa6 25. Rxc6 Rg6 26. Raxa6 Rxa6 27. Rxa6
Qg4 28. Qc2 Be4 29. Ra8+ Kh7 30. Nxe4 dxe4 31. g3 Nf3+ 32. Kh1 Qh5 33. h3 Bxg3
34. Qc8 Re6 35. Qh8+ Kg6 36. Rg8 Be5 37. Nc3 Qg5 38. Bg2 Ra6 39. Ra8 Rc6 40.
Ne2 Qh4 0-1

[Event "XVI Open Nicolo' La Rosa"]
[Site "Mazara del Vallo ITA"]
[Date "2008.08.13"]
[Round "5"]
[White "Architetto, Sandro"]
[Black "Savalla, Pietro"]
[Result "1-0"]
[WhiteElo "1620"]
[BlackElo "1440"]
[PlyCount "75"]
[EventDate "2008.08.11"]

1. e4 e5 2. Nf3 Nf6 3. Nxe5 Nc6 4. Nxc6 dxc6 5. d3 Bc5 6. Be2 O-O 7. Bg5 Qd6 8.
Nd2 h6 9. Bh4 Re8 10. Nf3 Qe6 11. h3 Bd7 12. Bg3 Bb6 13. O-O Rad8 14. e5 Nd5
15. d4 c5 16. c3 cxd4 17. cxd4 Bc6 18. Rc1 Ne7 19. b3 Nf5 20. Qc2 Nxg3 21. fxg3
Bxf3 22. Rxf3 Bxd4+ 23. Kh1 Bxe5 24. Bc4 Qd6 25. Bxf7+ Kh8 26. Bxe8 Rxe8 27.
Kh2 h5 28. Qf5 g6 29. Qg5 Qe7 30. Qh6+ Kg8 31. Qxg6+ Bg7 32. Qxh5 Rf8 33. Rxf8+
Bxf8 34. Qd5+ Kh8 35. Qxb7 a5 36. Rxc7 Qg5 37. Rh7+ Kg8 38. Qf7# 1-0

[Event "XVI Open Nicolo' La Rosa"]
[Site "Mazara del Vallo ITA"]
[Date "2008.08.13"]
[Round "5"]
[White "Bocci, Alessandro"]
[Black "Ferrante, Marco"]
[Result "1/2-1/2"]
[WhiteElo "1908"]
[BlackElo "2142"]
[PlyCount "111"]
[EventDate "2008.08.11"]

1. d4 d5 2. c4 c6 3. Nf3 Nf6 4. e3 e6 5. Nbd2 Nbd7 6. Bd3 Bd6 7. O-O O-O 8. e4
dxe4 9. Nxe4 Nxe4 10. Bxe4 e5 11. dxe5 Nxe5 12. Nxe5 Bxe5 13. Bxh7+ Kxh7 14.
Qh5+ Kg8 15. Qxe5 Re8 16. Qc3 Bf5 17. b3 Re6 18. Bf4 Qe7 19. Rfe1 Re8 20. Re3
Qh4 21. Bg3 Rxe3 22. Qxe3 Qd8 23. Qf4 Bc2 24. Qd6 Qa5 25. h3 Bxb3 26. Qd7 Rd8
27. Qxb7 Qc3 28. Rf1 Bxa2 29. Qxa7 Bxc4 30. Qc7 Qd3 31. Ra1 Qd7 32. Qxd7 Rxd7
33. Ra8+ Kh7 34. Rc8 Bd5 35. Rc7 Rd8 36. Bf4 Kg6 37. g4 Kf6 38. h4 Rh8 39. h5
g6 40. Be3 Ke5 41. h6 f5 42. g5 f4 43. Bc1 Kf5 44. h7 Bg8 45. hxg8=Q Rxg8 46.
Rxc6 Kxg5 47. Kg2 Kg4 48. Rc5 f3+ 49. Kh2 Rh8+ 50. Kg1 Rd8 51. Be3 Kh3 52. Rc1
Kg4 53. Kf1 Kh3 54. Ke1 Re8 55. Kd2 g5 56. Rc2 1/2-1/2

[Event "XVI Open Nicolo' La Rosa"]
[Site "Mazara del Vallo ITA"]
[Date "2008.08.13"]
[Round "5"]
[White "Cerami, Giuseppe"]
[Black "Castelli, Giovanni J."]
[Result "1-0"]
[WhiteElo "1742"]
[BlackElo "1530"]
[PlyCount "66"]
[EventDate "2008.08.11"]

1. d4 Nf6 2. Nc3 d5 3. Bg5 Bf5 4. f3 e6 5. e4 dxe4 6. fxe4 Bg6 7. e5 Bh5 8.
Bxf6 gxf6 9. Qxh5 Qxd4 10. Nge2 Qc5 11. Qf3 Nd7 12. exf6 Bh6 13. Rd1 O-O-O 14.
Nd4 Ne5 15. Qe4 Rhg8 16. Ba6 c6 17. Nxe6 fxe6 18. Bxb7+ Kb8 19. Rxd8+ Rxd8 20.
Ba6 Bd2+ 21. Ke2 Ng4 22. Rf1 Be3 23. Rd1 Rf8 24. Qxg4 Qb6 25. Qg3+ Ka8 26. Qxe3
Qxa6+ 27. Ke1 Rxf6 28. Rd8+ Kb7 29. Rd7+ Kc8 30. Rd3 Qa5 31. Ke2 Qh5+ 32. Kd2
Qh6 33. Ke2 Qxh2 1-0

[Event "XVI Open Nicolo' La Rosa"]
[Site "Mazara del Vallo ITA"]
[Date "2008.08.13"]
[Round "5"]
[White "Di Via, Saverio"]
[Black "Palazzotto, Giuseppe"]
[Result "1-0"]
[WhiteElo "1715"]
[BlackElo "1873"]
[PlyCount "55"]
[EventDate "2008.08.11"]

1. e4 c5 2. Nf3 d6 3. c3 Nf6 4. e5 dxe5 5. Nxe5 e6 6. d4 Qc7 7. Bg5 cxd4 8.
cxd4 Ne4 9. Bd2 Qb6 10. Bc3 Nxc3 11. bxc3 Qb2 12. Qa4+ Bd7 13. Nxd7 Nxd7 14.
Bb5 Qxa1 15. Bxd7+ Kd8 16. O-O a6 17. Be8 b5 18. Bxb5 Qb2 19. Be8 Ra7 20. d5
Bc5 21. dxe6 Bd6 22. exf7 Qe2 23. Rd1 Qe5 24. g3 Ke7 25. Nd2 Qh5 26. Nc4 Qg4
27. Nxd6 Qh3 28. Re1+ 1-0

[Event "XVI Open Nicolo' La Rosa"]
[Site "Mazara del Vallo ITA"]
[Date "2008.08.13"]
[Round "5"]
[White "Ferrante, Filippo"]
[Black "Monaco, Alessandro"]
[Result "1-0"]
[WhiteElo "1490"]
[BlackElo "1527"]
[PlyCount "47"]
[EventDate "2008.08.11"]

1. Nf3 Nc6 2. d3 d6 3. Nbd2 Nf6 4. g3 b6 5. Bg2 Bb7 6. O-O Qd7 7. c3 O-O-O 8.
b4 Re8 9. a4 a5 10. bxa5 Nxa5 11. Nb3 e5 12. Nxa5 bxa5 13. Qb3 Nd5 14. Nd2 c6
15. Nc4 Qc7 16. Rb1 Re7 17. e4 Nf6 18. Be3 c5 19. Rb2 Ba6 20. Rfb1 Bxc4 21.
Qxc4 Qa7 22. Bh3+ Nd7 23. Qd5 Qa6 24. Rb8+ 1-0

[Event "XVI Open Nicolo' La Rosa"]
[Site "Mazara del Vallo ITA"]
[Date "2008.08.13"]
[Round "5"]
[White "Galfano, Andrea"]
[Black "Sardo, Riccardo"]
[Result "1-0"]
[WhiteElo "1404"]
[BlackElo "1398"]
[PlyCount "53"]
[EventDate "2008.08.11"]

1. e4 e5 2. Nf3 Bc5 3. d4 exd4 4. Nxd4 d6 5. Bc4 Qh4 6. O-O Nf6 7. Nf5 Bxf5 8.
g3 Qxe4 9. Re1 Bxf2+ 10. Kxf2 Ng4+ 11. Kg1 Nf6 12. Rxe4+ Nxe4 13. Bd5 Nc5 14.
Qe2+ Be6 15. Nc3 O-O 16. Bxe6 Nxe6 17. Nb5 Na6 18. Be3 Rfe8 19. Qc4 c6 20. Nxd6
b5 21. Qxc6 Nb4 22. Qd7 Rad8 23. Qxf7+ Kh8 24. Qxe6 Nc6 25. Nf7+ Kg8 26. Nxd8+
Kh8 27. Qxe8# 1-0

[Event "XVI Open Nicolo' La Rosa"]
[Site "Mazara del Vallo ITA"]
[Date "2008.08.13"]
[Round "5"]
[White "Grimaldi, Sergio"]
[Black "Meo, Antonino"]
[Result "1-0"]
[WhiteElo "1799"]
[BlackElo "1431"]
[PlyCount "37"]
[EventDate "2008.08.11"]

1. e4 e6 2. d4 d5 3. e5 c5 4. c3 Nc6 5. Nf3 Bd7 6. Be2 b6 7. a3 a5 8. O-O Nge7
9. Bd3 c4 10. Bc2 h6 11. Be3 b5 12. a4 Qb6 13. Nbd2 b4 14. Nxc4 dxc4 15. d5 Rd8
16. Bxb6 Rb8 17. dxc6 Nxc6 18. Bc7 Rb7 19. Bd6 1-0

[Event "XVI Open Nicolo' La Rosa"]
[Site "Mazara del Vallo ITA"]
[Date "2008.08.13"]
[Round "5"]
[White "Internicola, Vincenzo"]
[Black "Lanza, Giuseppe"]
[Result "1-0"]
[WhiteElo "1554"]
[BlackElo "1470"]
[PlyCount "45"]
[EventDate "2008.08.11"]

1. e4 d5 2. exd5 Nf6 3. c4 c6 4. dxc6 Nxc6 5. h3 e5 6. d3 Qa5+ 7. Bd2 Bb4 8.
Nf3 Bf5 9. Nc3 O-O-O 10. a3 Bxc3 11. Bxc3 Qc7 12. Be2 Ne4 13. Qc2 Nxc3 14. Qxc3
Nd4 15. Nxd4 Rxd4 16. O-O-O Rhd8 17. Rd2 e4 18. Rhd1 exd3 19. Bxd3 Rxd3 20.
Rxd3 Qf4+ 21. Qd2 Qxc4+ 22. Rc3 Rxd2 23. Rxc4+ 1-0

[Event "XVI Open Nicolo' La Rosa"]
[Site "Mazara del Vallo ITA"]
[Date "2008.08.13"]
[Round "5"]
[White "Kizov, Atanas"]
[Black "Dragojlovic, Andjelko"]
[Result "1/2-1/2"]
[WhiteElo "2426"]
[BlackElo "2400"]
[PlyCount "29"]
[EventDate "2008.08.11"]

1. d4 Nf6 2. Bg5 Ne4 3. Bf4 d5 4. e3 c5 5. Nd2 Nxd2 6. Qxd2 cxd4 7. exd4 Nc6 8.
Nf3 e6 9. c3 Bd6 10. Bd3 Qc7 11. Bxd6 Qxd6 12. O-O h6 13. Rae1 Bd7 14. Ne5 Nxe5
15. Rxe5 1/2-1/2

[Event "XVI Open Nicolo' La Rosa"]
[Site "Mazara del Vallo ITA"]
[Date "2008.08.13"]
[Round "5"]
[White "Laudicina, Mariangela"]
[Black "Melia, Lorenzo"]
[Result "0-1"]
[WhiteElo "1515"]
[BlackElo "1649"]
[PlyCount "52"]
[EventDate "2008.08.11"]

1. e4 e6 2. d4 d5 3. Nc3 Bb4 4. Bd2 c5 5. Nce2 dxe4 6. c3 Ba5 7. g3 cxd4 8.
Nxd4 Bb6 9. Be3 e5 10. Nc2 Qc7 11. Bg2 Nf6 12. Ne2 Bg4 13. Qd2 O-O 14. O-O Rd8
15. Qe1 Bf3 16. Bh3 Nbd7 17. b4 Nd5 18. Rc1 a5 19. a3 Qc4 20. Qd2 Bxe2 21. Rfe1
Bd3 22. Bf1 Bxf1 23. Rxf1 Nxc3 24. f3 Ne2+ 25. Kf2 Nxc1 26. Rxc1 Nf6 0-1

[Event "XVI Open Nicolo' La Rosa"]
[Site "Mazara del Vallo ITA"]
[Date "2008.08.13"]
[Round "5"]
[White "Mancuso, Fabrizio"]
[Black "Marino, Davide"]
[Result "0-1"]
[WhiteElo "1362"]
[BlackElo "1571"]
[PlyCount "112"]
[EventDate "2008.08.11"]

1. e4 c5 2. Nf3 Nc6 3. g3 e6 4. Bg2 d5 5. e5 f6 6. exf6 Nxf6 7. d4 Qa5+ 8. Bd2
Qb6 9. Be3 Qxb2 10. Nbd2 Nb4 11. Rc1 c4 12. c3 Nd3+ 13. Kf1 Qxc1 14. Qxc1 Nxc1
15. Nxc4 dxc4 16. Bxc1 Ne4 17. Bb2 Bd6 18. Ne5 Bxe5 19. dxe5 Nc5 20. Ba3 Nd3
21. f4 Rb8 22. Bd6 Ra8 23. Be4 a5 24. Bxd3 cxd3 25. Ke1 b6 26. Kd2 Ba6 27. Bc7
O-O 28. Bxb6 Rab8 29. Bxa5 Rb2+ 30. Ke3 Re2+ 31. Kf3 d2 32. Rd1 Bd3 33. c4 Bxc4
34. h4 Ra8 35. Bxd2 Rd8 36. Rc1 Rexd2 37. Rxc4 Rxa2 38. Kg4 g6 39. h5 gxh5+ 40.
Kxh5 Rh2+ 41. Kg5 Rg2 42. g4 Kh8 43. f5 exf5 44. Kxf5 Rf2+ 45. Ke6 Re8+ 46. Kd5
Re2 47. Re4 Rd8+ 48. Ke6 Rxe4 49. Kf6 Rxg4 50. e6 Re4 51. Kf7 Rd6 52. e7 Rde6
53. Kf8 Re3 54. Kf7 Rxe7+ 55. Kf8 R7e4 56. Kf7 Rf3# 0-1

[Event "XVI Open Nicolo' La Rosa"]
[Site "Mazara del Vallo ITA"]
[Date "2008.08.13"]
[Round "5"]
[White "Melograni, Francesco"]
[Black "Salafia, Andrea"]
[Result "0-1"]
[WhiteElo "1787"]
[BlackElo "1959"]
[PlyCount "64"]
[EventDate "2008.08.11"]

1. e4 g6 2. d4 d6 3. c4 Bg7 4. Nf3 Nf6 5. Nc3 O-O 6. Be2 e5 7. d5 Nbd7 8. h3
Nc5 9. Qc2 a5 10. Be3 Nfd7 11. Na4 Nxa4 12. Qxa4 f5 13. exf5 gxf5 14. g3 Nc5
15. Bxc5 dxc5 16. O-O-O e4 17. Nd2 Qf6 18. Qc2 a4 19. a3 Ra6 20. Nb3 Bh6+ 21.
Nd2 Rb6 22. f4 Bg7 23. b4 Qa1+ 24. Nb1 cxb4 25. c5 b3 26. Qd2 b2+ 27. Kc2 Qa2
28. Qe3 Rb3 29. Qd2 Rc3+ 30. Qxc3 Bxc3 31. Kxc3 Qb3+ 32. Kd4 b6 0-1

[Event "XVI Open Nicolo' La Rosa"]
[Site "Mazara del Vallo ITA"]
[Date "2008.08.13"]
[Round "5"]
[White "Morello, Guido"]
[Black "Palazzotto, Roberto"]
[Result "1/2-1/2"]
[WhiteElo "1978"]
[BlackElo "1740"]
[PlyCount "60"]
[EventDate "2008.08.11"]

1. e4 c5 2. Nc3 Nc6 3. Nf3 d6 4. d3 g6 5. Be2 Bg7 6. O-O e6 7. Nb1 Nge7 8. c3
d5 9. Qc2 O-O 10. Bd2 Rb8 11. a4 a6 12. Na3 b5 13. axb5 axb5 14. d4 dxe4 15.
Qxe4 b4 16. Nb5 Bb7 17. Qg4 cxd4 18. cxd4 e5 19. Rfd1 e4 20. Ne5 Bxe5 21. dxe5
Nxe5 22. Qg3 Nd3 23. Bxb4 Nf5 24. Qh3 Rc8 25. Bc3 Qb6 26. Bxd3 exd3 27. Qxd3
Be4 28. Qd2 Qxb5 29. Ra5 Qb7 30. Rxf5 Bxf5 1/2-1/2

[Event "XVI Open Nicolo' La Rosa"]
[Site "Mazara del Vallo ITA"]
[Date "2008.08.13"]
[Round "5"]
[White "Oddo, Salvatore"]
[Black "Messina, Damiano"]
[Result "0-1"]
[WhiteElo "1553"]
[BlackElo "2029"]
[PlyCount "88"]
[EventDate "2008.08.11"]

1. Nf3 Nf6 2. g3 c5 3. Bg2 Nc6 4. d3 d5 5. O-O e5 6. Nbd2 Be7 7. c3 h6 8. Qc2
Be6 9. Re1 O-O 10. e4 d4 11. a4 Rc8 12. b3 Nd7 13. Ba3 dxc3 14. Qxc3 b6 15.
Red1 Nd4 16. Nxd4 cxd4 17. Qb2 Nc5 18. Nc4 f6 19. Bxc5 Bxc5 20. Rdc1 Bb4 21.
Qe2 Bc3 22. Ra2 a6 23. Qd1 Rb8 24. Na3 b5 25. axb5 axb5 26. Nb1 b4 27. Bf3 Qd7
28. g4 Qf7 29. Nd2 Bxd2 30. Qxd2 Bxb3 31. Rb2 Be6 32. Rxb4 Rxb4 33. Qxb4 Qg6
34. h3 h5 35. Kf1 hxg4 36. hxg4 Bxg4 37. Qc4+ Kh7 38. Ke2 Bxf3+ 39. Kxf3 Qh5+
40. Kg3 Qg5+ 41. Kf3 Qh5+ 42. Kg3 Rh8 43. Qe6 Qg5+ 44. Kf3 Qxc1 0-1

[Event "XVI Open Nicolo' La Rosa"]
[Site "Mazara del Vallo ITA"]
[Date "2008.08.13"]
[Round "6"]
[White "Castelli, Giovanni J."]
[Black "Novara, Salvatore"]
[Result "1-0"]
[WhiteElo "1530"]
[BlackElo "1549"]
[PlyCount "43"]
[EventDate "2008.08.11"]

1. e4 e5 2. Bc4 Bc5 3. Nf3 Nc6 4. c3 d6 5. d4 exd4 6. cxd4 Bb4+ 7. Nc3 Bg4 8.
a3 Ba5 9. O-O Bb6 10. Na4 Nxd4 11. Nxb6 Nxf3+ 12. gxf3 Bh3 13. Nxa8 Qxa8 14.
Re1 Qd8 15. Qb3 Nh6 16. Bxh6 gxh6 17. Bxf7+ Kf8 18. Kh1 Qf6 19. Bc4 b5 20. Bf1
Be6 21. Qc3 Rg8 22. Qxf6+ 1-0

[Event "XVI Open Nicolo' La Rosa"]
[Site "Mazara del Vallo ITA"]
[Date "2008.08.13"]
[Round "6"]
[White "Dragojlovic, Andjelko"]
[Black "Ferrante, Filippo"]
[Result "1-0"]
[WhiteElo "2400"]
[BlackElo "1490"]
[PlyCount "45"]
[EventDate "2008.08.11"]

1. Nf3 e6 2. g3 d5 3. Bg2 Nf6 4. O-O Bd6 5. d3 O-O 6. Nbd2 c5 7. e4 Nc6 8. Re1
Nd7 9. Nf1 f5 10. exd5 exd5 11. d4 Nf6 12. Bg5 Qb6 13. Bxf6 Rxf6 14. dxc5 Qxc5
15. c3 Be6 16. Ng5 Bf7 17. Nxf7 Kxf7 18. Qxd5+ Kg6 19. Ne3 Re8 20. Qxc5 Bxc5
21. Nd5 Rfe6 22. Nf4+ Kf7 23. Rxe6 1-0